000 00802nam a2200265 a 4500
001 4788806
003 NUST-PNEC
005 20170114142453.0
008 870401s1987 maua b 001 0 eng
010 _a 87070132
020 _a0890062064
040 _aDLC
_cDLC
_dDLC
050 0 0 _aTK6553
_b.K365 1987
082 0 0 _a621.38 KEI
100 1 _aKeiser, Bernhard,
_d1928-
245 1 0 _aPrinciples of electromagnetic compatibility /
_cBernhard Keiser.
250 _a3rd ed.
260 _aNorwood, MA :
_bArtech House,
_cc1987.
300 _axv, 383 p. :
_bill. ;
_c24 cm.
440 4 _aThe Artech House microwave library
504 _aIncludes bibliographies and index.
650 0 _aElectromagnetic compatibility.
_xEE, EL
906 _a7
_bcbc
_corignew
_d2
_eopcn
_f19
_gy-gencatlg
942 _2ddc
_cBK
999 _c59998
_d59998